A carregar...
Elementary Statistical Quality Control
| Autor principal: | |
|---|---|
| Formato: | Printed Book |
| Idioma: | English |
| Publicado em: |
New York
Marcel Dekker Inc
1979
|
| Edição: | 1st ed. |
| Assuntos: |
| LEADER | 00516nam a2200157Ia 4500 | ||
|---|---|---|---|
| 008 | 101204s9999 xx 000 0 eng d | ||
| 020 | |a 0824766865 | ||
| 100 | |a Burr, Irving W | ||
| 245 | |a Elementary Statistical Quality Control | ||
| 250 | |a 1st ed. | ||
| 260 | |b Marcel Dekker Inc |a New York |c 1979 | ||
| 300 | |a 413 | ||
| 650 | |a quality control | ||
| 942 | |c BK | ||
| 999 | |c 188933 |d 188933 | ||
| 952 | |0 0 |1 0 |4 0 |6 528_000000000000000_BUR_E |7 0 |9 208304 |a STA |b STA |c ST1 |d 2010-12-04 |i 1540 |l 0 |o 528 BUR/E |p STA1540 |r 2018-08-21 |w 2018-08-21 |y BK | ||